| 000 | 00330nam a2200133 a 4500 | ||
|---|---|---|---|
| 001 | 3827 | ||
| 003 | CDMR | ||
| 005 | 20130918132756.0 | ||
| 008 | 130130s2008||||||||||||||||||||||||||||d | ||
| 040 |
_aCDMR _bcat _cCPC GIRONA |
||
| 245 | 0 |
_a10000 punts. 10000 personatges. _bEl Punt 1979-2008 |
|
| 260 |
_c2008 _bEl Punt |
||
| 942 |
_cMON _2udc |
||
| 999 |
_c3827 _d3827 |
||